Lassen sich zinsgewichtete Geldmengen besser steuern als gewöhnliche Geldmengen?

Salvato in:
Dettagli Bibliografici
Autore principale: Krämer, Jörg W.
Natura: Libro
Lingua:tedesco
Pubblicazione: Kiel Institut für Weltwirtschaft 1994
Edizione:1. Aufl.
Serie:Kieler Arbeitspapier Nr. 657
Soggetti:
Tags: Aggiungi Tag
Nessun Tag, puoi essere il primo ad aggiungerne!!

MARC

LEADER 00000nam a2200000 4500
001 c012385
005 20221214074455.7
041 0 |a ger 
044 |a DE 
245 1 0 |a Lassen sich zinsgewichtete Geldmengen besser steuern als gewöhnliche Geldmengen?  |c Jörg W. Krämer 
250 |a 1. Aufl. 
264 1 |a Kiel  |b Institut für Weltwirtschaft  |c 1994 
300 |a 40 s. 
490 1 |a Kieler Arbeitspapier  |v Nr. 657 
830 0 |a Kieler Arbeitspapier  |v Nr. 657 
610 2 0 |a peniaze 
610 2 0 |a úrok 
610 2 0 |a agregáty menové 
610 2 0 |a riadenie 
610 2 0 |a ponuka 
610 2 0 |a kontrola 
610 2 0 |a modely ekonomicko-matematické 
610 2 0 |a multiplikátor 
610 2 0 |a prognózy 
610 2 0 |a banky 
610 2 0 |a Nemecko 
100 1 |a Krämer, Jörg W.